Pièces et billets en dollars en usage aux Etats-Unis - Statistiques

Statistiques générales
  • Ce quiz a été pris 21 fois
  • Le résultat moyen est 10 sur 13
Statistiques - réponses
Type de quiz Pièces et billets en dollars % Correct
Pièce 10 cents
95%
Pièce 1 cent
95%
Pièce 5 cents
95%
Billet 1 dollar
84%
Billet 100 dollars
68%
Billet 10 dollars
68%
Billet 20 dollars
68%
Billet 2 dollars
68%
Billet 50 dollars
68%
Billet 5 dollars
68%
Pièce 1 dollar
63%
Pièce 25 cents
63%
Pièce 50 cents
63%
Aucun quiz correspondant
Distribution des résultats
% des personnes avec chaque résultat
Percentile par nombre de réponses
Votre historique - résultats
Vous n’avez pas pris ce quiz